Catálogo

Historia del arte / (Registro nro. 63340)

Detalles MARC
000 -LEADER
fixed length control field 01358cam a2200349 i 4500
001 - CONTROL NUMBER
control field 63340
003 - CONTROL NUMBER IDENTIFIER
control field Mx-PuUPA
005 - DATE AND TIME OF LATEST TRANSACTION
control field 20210215164153.0
008 - FIXED-LENGTH DATA ELEMENTS--GENERAL INFORMATION
fixed length control field 140415s1999 sp a r 000 0 spa d
020 ## - INTERNATIONAL STANDARD BOOK NUMBER
International Standard Book Number 8423976076
040 ## - CATALOGING SOURCE
Original cataloging agency Mx-PuUPA
Language of cataloging spa
Transcribing agency Mx-PuUPA
Modifying agency Mx-PuUPA
Description conventions rda
041 0# - LANGUAGE CODE
Language code of text/sound track or separate title spa
110 2# - MAIN ENTRY--CORPORATE NAME
Corporate name or jurisdiction name as entry element Espasa-Calpe,
9 (RLIN) 9284
245 10 - TITLE STATEMENT
Title Historia del arte /
Statement of responsibility, etc. Espasa Calpe ; [colaboradores], Enrique Arias Anglés, Isidro G. Bango Torviso, Cristóbal Belda Navarro [y otros trece] ; editora, Carolina Reoyo González ; ilustración, Juan Miguel Sánchez Vigil
264 #1 - PRODUCTION, PUBLICATION, DISTRIBUTION, MANUFACTURE, AND COPYRIGHT NOTICE
Place of production, publication, distribution, manufacture España :
Name of producer, publisher, distributor, manufacturer Espasa-Calpe,
Date of production, publication, distribution, manufacture, or copyright notice 1999
300 ## - PHYSICAL DESCRIPTION
Extent xvi, 1400 páginas :
Other physical details ilustraciones ;
Dimensions 25 cm.
336 ## - CONTENT TYPE
Fuente rdacontent
Content type term texto
Content type code txt
337 ## - MEDIA TYPE
Source rdamedia
Media type term sin medio
Media type code n
338 ## - CARRIER TYPE
Source rdacarrier
Carrier type term volumen
Carrier type code nc
490 0# - SERIES STATEMENT
Series statement Espasa e siglo XXI
650 #4 - SUBJECT ADDED ENTRY--TOPICAL TERM
Topical term or geographic name entry element Arte
General subdivision Historia
650 #4 - SUBJECT ADDED ENTRY--TOPICAL TERM
Topical term or geographic name entry element Arte
General subdivision Historia
Form subdivision Enciclopedias
700 1# - ADDED ENTRY--PERSONAL NAME
Personal name Arias Anglés, Enrique,
Relator term colaborador
700 1# - ADDED ENTRY--PERSONAL NAME
Personal name Bango Torviso, Isidro G.,
Relator term colaborador
700 1# - ADDED ENTRY--PERSONAL NAME
Personal name Belda Navarro, Cristóbal,
Dates associated with a name colaborador
700 1# - ADDED ENTRY--PERSONAL NAME
Personal name Reoyo González, Carolina,
Relator term editor
700 1# - ADDED ENTRY--PERSONAL NAME
Personal name Sánchez Vigil, Juan Miguel,
Relator term ilustrador
942 ## - ADDED ENTRY ELEMENTS (KOHA)
Source of classification or shelving scheme Dewey Decimal Classification
Koha item type Libro
Classification part 709
Item part H673
Existencias
Withdrawn status Lost status Source of classification or shelving scheme Damaged status Not for loan Collection code Home library Current library Shelving location Date acquired Source of acquisition Total Checkouts Full call number Barcode Date last seen Price effective from Koha item type
    Dewey Decimal Classification     Referencia Biblioteca Karol Wojtyla Biblioteca Karol Wojtyla Área de silencio 03/12/2013 Compra   709 H673 1999 60543 05/01/2026 03/12/2013 Libro R